ドボンクイズ 日本の市 - Statistics

General Stats
  • This quiz has been taken 1,640 times
    1,637 since last reset
  • The average score is 9 of 25
Answers on the Grid
Answers color-coded by a green-red scale on the quiz's grid according to % correct below.
広州市
光州市
杭州市
甲州市
公州市
烏山市
大川市
平田市
豊原市
平市
平良市
中村市
折田彦市
南英市
光市
旭市
東舞鶴市
あおば市
みどり市
さくら市
山川市
大口市
大瀬戸市
瀬戸市
瀬戸内市
北京市
東京市
南京市
山田市
南九州市
西舞鶴市
清水市
新南陽市
泉市
太保市
伊藤市
三本木市
六本木市
中山市
むつみ市
泉州市
和泉市
松田市
海防市
海南市
海陽市
海部市
向日市
海田市
二日市
 
Answer Stats
Answer % Correct
旭市
63%
さくら市
61%
和泉市
61%
光市
60%
みどり市
59%
瀬戸市
57%
南九州市
56%
甲州市
55%
瀬戸内市
49%
向日市
48%
海南市
45%
大川市
36%
清水市
34%
東京市
30%
中村市
23%
泉市
23%
平市
22%
東舞鶴市
21%
新南陽市
20%
平田市
18%
豊原市
18%
平良市
18%
大口市
18%
山田市
17%
三本木市
10%
No matching quizzes found
Score Distribution
Percent of People with Each Score
Percentile by Number Answered
Your Score History
You have not taken this quiz since the last reset